Elements of financial risk management

Bibliographic Details
Main Author: Christoffersen, Peter.
Corporate Author: ProQuest (Firm)
Format: Electronic eBook
Language:English
Published: Oxford : Academic, 2003.
Subjects:
Online Access:Click to View
LEADER 01135nam a2200337Ia 4500
001 EBC288743
003 MiAaPQ
005 20200520144314.0
006 m o d |
007 cr cn|||||||||
008 030606s2003 enk s 000 0 eng d
015 |a GBA3-W7094 
020 |z 0121742326 
035 |a (MiAaPQ)EBC288743 
035 |a (Au-PeEL)EBL288743 
035 |a (CaPaEBR)ebr10127877 
035 |a (CaONFJC)MIL96829 
035 |a (OCoLC)213298482 
040 |a MiAaPQ  |c MiAaPQ  |d MiAaPQ 
050 4 |a HD61  |b .C47 2003 
082 0 4 |a 658.155  |2 21 
100 1 |a Christoffersen, Peter. 
245 1 0 |a Elements of financial risk management  |h [electronic resource] /  |c Peter Christoffersen. 
260 |a Oxford :  |b Academic,  |c 2003. 
300 |a xiii, 214 p. 
533 |a Electronic reproduction. Ann Arbor, MI : ProQuest, 2015. Available via World Wide Web. Access may be limited to ProQuest affiliated libraries. 
650 0 |a Finance. 
650 0 |a Risk management. 
655 4 |a Electronic books. 
710 2 |a ProQuest (Firm) 
856 4 0 |u https://ebookcentral.proquest.com/lib/matrademy/detail.action?docID=288743  |z Click to View